MPTS research : Malaysian perspective :

Bibliographic Details
Corporate Author: SEMINAR on the Perspective of MPTS Research
Other Authors: Ahmad Said Sajap
Format: Book
Published: Serdang, Selangor : UPM , 1991
Subjects:

MARC

LEADER 00000cam a2200000 7i4500
001 0000001871
005 20020313.0
090 0 0 |a 016.6349   |b SEM (1991) 
110 1 0 |a SEMINAR on the Perspective of MPTS Research   |k 1991   |j Serdang, Malaysia 
245 1 0 |a MPTS research :   |b Malaysian perspective :   |b (proceedings of a national seminar, 19 December 1991, Serdang, Selangor)   |c edited by Ahmad Said Sajap 
260 0 0 |a Serdang, Selangor :   |b UPM ,   |c 1991 
300 |a 39 p. ;   |c 30 cm. 
500 0 0 |a Includes bibliographies 
650 0 0 |a Trees   |z Malaysia   |x Research   |x Congresses 
700 0 1 |a Ahmad Said Sajap 
998 |a JPSM 
999 |a 0000000491   |b Monograph   |c Open Shelf   |e Default branch 
999 |a 0000003009   |b Monograph   |c Open Shelf   |e Default branch